[Event "IECC P email"]
[Site "IECC email"]
[Date "2001.02.08"]
[Round "?"]
[White "Baier, Andreas"]
[Black "Giannone, Louis"]
[Result "1/2-1/2"]
[WhiteElo "1356"]
[BlackElo "1644"]
[PlyCount "40"]
[EventDate "2001.??.??"]
[EventType "tourn (corr)"]
[EventRounds "6"]
[SourceTitle "Corr 2008"]
[Source "ChessBase"]
[SourceDate "2008.06.24"]
[SourceVersion "1"]
[SourceVersionDate "2008.06.24"]
[SourceQuality "1"]

1. e4 c5 2. Nf3 d6 3. d4 cxd4 4. Nxd4 Nf6 5. Nc3 a6 6. Bg5 e6 7. f4 Be7 8. Qf3 Qc7 9. 0-0-0 Nbd7 10. g4 b5 11. Bxf6 Nxf6 12. g5 Nd7 13. f5 Bxg5+ 14. Kb1 Ne5 15. Qh5 Qd8 16. Rg1 h6 17. Nxe6 Bxe6 18. fxe6 g6 19. exf7+ Kxf7 20. Qh3 Rf8 1/2-1/2

[Event "IECC TH-T email"]
[Site "IECC email"]
[Date "2000.10.13"]
[Round "?"]
[White "Baier, Andreas"]
[Black "Pac, Maciej"]
[Result "1/2-1/2"]
[WhiteElo "1347"]
[BlackElo "1648"]
[PlyCount "53"]
[EventDate "2000.??.??"]
[EventType "match (corr)"]
[EventRounds "2"]
[SourceTitle "Corr 2008"]
[Source "ChessBase"]
[SourceDate "2008.06.24"]
[SourceVersion "1"]
[SourceVersionDate "2008.06.24"]
[SourceQuality "1"]

1. e4 c5 2. Nf3 d6 3. d4 cxd4 4. Nxd4 Nf6 5. Nc3 g6 6. Be3 Bg7 7. f3 Nc6 8. Qd2 0-0 9. Bc4 Bd7 10. h4 Ne5 11. Bb3 h5 12. 0-0-0 Rc8 13. Bg5 Rc5 14. g4 hxg4 15. Bxf6 Bxf6 16. h5 g5 17. f4 Nf3 18. Nxf3 gxf3 19. Nd5 Be6 20. fxg5 Bg7 21. g6 fxg6 22. hxg6 f2 23. Qg5 Rf3 24. Qh5 Rxb3 25. axb3 Bxd5 26. Rxd5 Qa5 27. Rxc5 1/2-1/2

[Event "IECC Swiss email"]
[Site "IECC email"]
[Date "1999.06.02"]
[Round "?"]
[White "Beaudet, Rejean"]
[Black "Baier, Andreas"]
[Result "1/2-1/2"]
[WhiteElo "1430"]
[BlackElo "1493"]
[PlyCount "38"]
[EventDate "1999.??.??"]
[EventType "tourn (corr)"]
[EventRounds "6"]
[SourceTitle "Corr 2008"]
[Source "ChessBase"]
[SourceDate "2008.06.24"]
[SourceVersion "1"]
[SourceVersionDate "2008.06.24"]
[SourceQuality "1"]

1. e4 e5 2. Nf3 Nc6 3. Bb5 a6 4. Ba4 Nf6 5. 0-0 Be7 6. Re1 b5 7. Bb3 d6 8. c3 0-0 9. h3 Nb8 10. d4 Nbd7 11. Nbd2 Bb7 12. Bc2 Re8 13. b3 Bf8 14. d5 c6 15. c4 Qc7 16. Nf1 Rec8 17. Re2 Nb6 18. Bd3 Nfd7 19. Ba3 g6 1/2-1/2

[Event "IECC TH-M email"]
[Site "IECC email"]
[Date "1999.03.28"]
[Round "?"]
[White "Baier, Andreas"]
[Black "Cherner, Lyle"]
[Result "1-0"]
[WhiteElo "1464"]
[BlackElo "1194"]
[PlyCount "23"]
[EventDate "1999.??.??"]
[EventType "match (corr)"]
[EventRounds "2"]
[SourceTitle "Corr 2008"]
[Source "ChessBase"]
[SourceDate "2008.06.24"]
[SourceVersion "1"]
[SourceVersionDate "2008.06.24"]
[SourceQuality "1"]

1. d4 Nf6 2. c4 g6 3. Nc3 Bg7 4. e4 d6 5. Nf3 0-0 6. Be2 e5 7. Be3 exd4 8. Nxd4 Re8 9. f3 Bd7 10. Qd2 Nc6 11. 0-0-0 Qe7 12. h4 1-0

[Event "IECC TH-M email"]
[Site "IECC email"]
[Date "1999.02.27"]
[Round "?"]
[White "Carvalho, Diogo Bobone"]
[Black "Baier, Andreas"]
[Result "1-0"]
[WhiteElo "1216"]
[BlackElo "1400"]
[PlyCount "57"]
[EventDate "1999.??.??"]
[EventType "match (corr)"]
[EventRounds "2"]
[SourceTitle "Corr 2008"]
[Source "ChessBase"]
[SourceDate "2008.06.24"]
[SourceVersion "1"]
[SourceVersionDate "2008.06.24"]
[SourceQuality "1"]

1. d4 Nf6 2. c4 g6 3. Nc3 Bg7 4. e4 d6 5. Nf3 0-0 6. Be2 e5 7. d5 Na6 8. 0-0 Nc5 9. Qc2 Ng4 10. b4 Nd7 11. a3 f5 12. exf5 gxf5 13. Ng5 Ndf6 14. Ne6 Bxe6 15. dxe6 f4 16. Bb2 Re8 17. Ne4 Rb8 18. Ng5 h6 19. Nf3 e4 20. Nd4 Ne5 21. Rad1 Qc8 22. f3 exf3 23. Bxf3 c5 24. Nf5 cxb4 25. axb4 Qxc4 26. Qxc4 Nxc4 27. Bxf6 Bxf6 28. Bd5 Nb2 29. Rd2 1-0

[Event "IECC CL6-1999.06"]
[Site "IECC email"]
[Date "1999.02.01"]
[Round "?"]
[White "Greenwald, Jason"]
[Black "Baier, Andreas"]
[Result "0-1"]
[WhiteElo "1200"]
[BlackElo "1420"]
[PlyCount "33"]
[EventDate "1999.??.??"]
[EventType "tourn (corr)"]
[EventRounds "4"]
[SourceTitle "Corr 2008"]
[Source "ChessBase"]
[SourceDate "2008.06.24"]
[SourceVersion "1"]
[SourceVersionDate "2008.06.24"]
[SourceQuality "1"]

1. e4 e5 2. Nf3 Nc6 3. Bc4 Bc5 4. 0-0 Nf6 5. d3 d6 6. Nc3 Na5 7. d4 exd4 8. Nxd4 Nxc4 9. Nd5 Nxd5 10. exd5 0-0 11. Nf3 Bg4 12. Qd3 Bxf3 13. Qxf3 Re8 14. b3 Ne5 15. Qg3 Ng6 16. Bg5 Qd7 17. h4 0-1

[Event "IECC Quad-622 email"]
[Site "IECC email"]
[Date "1998.10.01"]
[Round "?"]
[White "Mitchell, TT."]
[Black "Baier, Andreas"]
[Result "0-1"]
[WhiteElo "866"]
[BlackElo "1175"]
[PlyCount "86"]
[EventDate "1998.??.??"]
[EventType "tourn (corr)"]
[EventRounds "6"]
[SourceTitle "Corr 2008"]
[Source "ChessBase"]
[SourceDate "2008.06.24"]
[SourceVersion "1"]
[SourceVersionDate "2008.06.24"]
[SourceQuality "1"]

1. e4 e5 2. c4 Bc5 3. d3 d6 4. a3 Nc6 5. Be3 Nge7 6. Bxc5 dxc5 7. Be2 Nd4 8. Bf3 0-0 9. Nh3 Bxh3 10. gxh3 f5 11. Bg2 fxe4 12. Bxe4 Ng6 13. Bxg6 Qh4 14. Bxh7+ Kxh7 15. Kd2 Rxf2+ 16. Kc3 Rc2+ 17. Qxc2 Nxc2 18. Kxc2 e4 19. Nc3 Qf2+ 20. Kb3 exd3 21. Raf1 Qc2+ 22. Ka2 Rd8 23. Rc1 Qg2 24. Rcg1 Qxh3 25. Rg3 Qf5 26. Rhg1 Rd7 27. Rg5 Qf4 28. Rh5+ Kg8 29. Rhg5 d2 30. R5g4 Qxh2 31. R1g2 Qh6 32. Rg6 Qh5 33. R6g5 d1Q 34. Nxd1 Qxd1 35. Rg1 Qe2 36. R5g2 Qxc4+ 37. Ka1 Qb3 38. Rg3 Rd1+ 39. Rxd1 Qxd1+ 40. Ka2 Qe1 41. Rd3 Qe6+ 42. Kb1 Qe4 43. Kc2 c4 0-1

[Event "IECC M email"]
[Site "IECC email"]
[Date "1998.09.26"]
[Round "?"]
[White "Baier, Andreas"]
[Black "Boyce, Harry"]
[Result "1-0"]
[WhiteElo "1180"]
[BlackElo "1173"]
[PlyCount "45"]
[EventDate "1998.??.??"]
[EventType "tourn (corr)"]
[EventRounds "12"]
[SourceTitle "Corr 2008"]
[Source "ChessBase"]
[SourceDate "2008.06.24"]
[SourceVersion "1"]
[SourceVersionDate "2008.06.24"]
[SourceQuality "1"]

1. e4 e5 2. Nf3 Nf6 3. Nxe5 d6 4. Nf3 Nxe4 5. d4 Bg4 6. Bd3 Qe7 7. 0-0 d5 8. Re1 Nc6 9. c4 Nb4 10. cxd5 f5 11. d6 Qxd6 12. Bxe4 0-0-0 13. Bc2 g6 14. Bg5 Bg7 15. Bxd8 Rxd8 16. Na3 Qb6 17. Nc4 Qc6 18. Bb3 Bxf3 19. Qxf3 Qxf3 20. gxf3 Nd3 21. Re7 Bxd4 22. Rxh7 Bxf2+ 23. Kf1 1-0